|
|
|
|
| LEADER |
01260nam a2200301 a 4500 |
| 001 |
751 |
| 003 |
BD-DhAAL |
| 005 |
20150415142136.0 |
| 008 |
150415s1993 nyuab b 001 0beng |
| 010 |
|
|
|a 92046564
|
| 020 |
|
|
|a 0393035271 :
|c $27.50 USA ($35.00 CAN.)
|
| 040 |
|
|
|a DLC
|c DLC
|d DLC
|d BD-DhAAL
|
| 050 |
0 |
0 |
|a E748.B885
|b U76 1993
|
| 082 |
0 |
0 |
|a 341.23/3/092
|a B
|2 20
|
| 100 |
1 |
|
|a Urquhart, Brian.
|9 10397
|
| 245 |
1 |
0 |
|a Ralph Bunche :
|b an American life /
|c Brian Urquhart.
|
| 250 |
|
|
|a 1st ed.
|
| 260 |
|
|
|a New York :
|b W.W. Norton,
|c c1993.
|
| 300 |
|
|
|a 496 p. :
|b ill., maps ;
|c 25 cm.
|
| 504 |
|
|
|a Includes bibliographical references (p. [459]-475) and index.
|
| 541 |
|
|
|e 751
|
| 600 |
1 |
0 |
|a Bunche, Ralph J.
|q (Ralph Johnson),
|d 1904-1971.
|9 10398
|
| 610 |
2 |
0 |
|a United Nations
|x Biography.
|9 10399
|
| 650 |
|
0 |
|a Statesmen
|z United States
|x Biography.
|9 10400
|
| 942 |
|
|
|2 ddc
|c BK
|
| 999 |
|
|
|c 34232
|d 34232
|
| 952 |
|
|
|0 0
|1 0
|2 ddc
|4 0
|6 341_233092000000000_URQ
|7 0
|9 53449
|a SCL
|b SCL
|c GEN
|d 2015-04-15
|e Gift: The Asia Foundation
|l 0
|o 341.233092 URQ
|p 3020000751
|r 2015-04-15
|t 1
|w 2015-04-15
|y BK
|
| 952 |
|
|
|0 0
|1 0
|2 ddc
|4 0
|6 341_233092000000000_URQ
|7 0
|9 53471
|a SCL
|b SCL
|c GEN
|d 2015-04-16
|e Gift: The Asia Foundation
|l 0
|o 341.233092 URQ
|p 3020005953
|r 2015-04-16
|t 2
|w 2015-04-16
|y BK
|